000
00299nam a22001337a 4500
008
170324b xxu||||| |||| 00| 0 eng d
020
_a
9780815196129
041
_a
eng
080
_2
12TH
_a
615.83
100
_a
8
101
_a
shm
245
_a
PHYSICAL EDUCATION AND SPORT
_c
WUEST
942
_2
udc
_c
BK
999
_c
8630
_d
8630